Statistics for Capital Cities Closest to an Unknown Capital City A-Z #6

Click here to take the quiz!

General Stats

  • This quiz has been taken 143 times
  • The average score is 17 of 25

Answer Stats

Capital City % Correct
ZZagreb
90%
RRome
84%
WWarsaw
83%
OOslo
82%
AAthens
81%
YYerevan
80%
QQuito
79%
BBelgrade
78%
VVatican City
77%
KKiev
77%
JJerusalem
74%
UUlaanbaatar
69%
LLjubljana
69%
IIslamabad
69%
PPodgorica
68%
HHelsinki
67%
NNicosia
66%
CChisinau
65%
SSkopje
64%
TTunis
61%
SECRETTirana
61%
FFreetown
54%
MMonaco
52%
DDamascus
52%
GGaborone
45%

Score Distribution

Percentile by Number Answered

Percent of People with Each Score

Your Score History

You have not taken this quiz